000 00597nam a2200241Ia 4500
003 OSt
005 20220918203042.0
006 a|||||r|||| 00| 0
007 ta
008 220917b |||||||| |||| 00| 0 eng d
024 _a105,679
037 _cTextual
040 _aARTS
_cARTS
_beng
041 _2eng
_aeng
082 _aV2:4wM33, C6 (906)
100 _aBoulger Demetrius C
_9106535
245 0 _aLife of Gordon
250 _a4th
260 _c1896
650 _aHISTORY
942 _hV2:4wM33, C6 (906)
_cTEXL
_2CC
999 _c229038
_d229038